NFL Career Receiving Yards Leaders: Top 100 - Statistics

General Stats
  • This quiz has been taken 381 times
    94 since last reset
  • The average score is 55 of 100
Answer Stats
Team Yards Player % Correct
49ers 22,895 Jerry Rice
98%
Cardinals 17,492 Larry Fitzgerald
97%
Vikings/Patriots 15,292 Randy Moss
97%
Texans 14,185 Andre Johnson
95%
Redskins 10,283 Santana Moss
95%
Steelers 12,291 Antonio Brown
94%
Lions 11,619 Calvin Johnson
94%
Bengals 11,059 Chad Johnson
94%
Colts 14,580 Marvin Harrison
94%
Panthers 14,731 Steve Smith
94%
Raiders 14,934 Tim Brown
94%
Jaguars 12,287 Jimmy Smith
92%
Buccaneers/Jets 10,571 Keyshawn Johnson
92%
Broncos 11,389 Rod Smith
92%
Chiefs 15,127 Tony Gonzalez
92%
Falcons 13,703 Julio Jones
90%
49ers 15,934 Terrell Owens
89%
Packers 12, 633 Davante Adams
87%
Patriots 9,286 Rob Gronkowski
84%
Rams 13,382 Torry Holt
84%
Chargers 12, 051 Keenan Allen
83%
Chiefs 13,002 Travis Kelce
83%
Vikings 13,899 Cris Carter
81%
Texans 13,295 DeAndre Hopkins
81%
Rams 15,208 Issac Bruce
81%
Buccaneers 13,052 Mike Evans
81%
Broncos 9,763 Demaryius Thomas
79%
Seahawks 13,089 Steve Largent
79%
Bengals 10,514 A.J. Green
78%
Chiefs 11, 363 Tyreek Hill
78%
Colts 14,345 Reggie Wayne
76%
Cardinals 8,965 Roy Green
76%
Bills 13,198 Andre Reed
75%
Oilers 9,831 Drew Hill
75%
Packers 8,587 Jordy Nelson
75%
Chargers 11,841 Antonio Gates
73%
Vikings 8,480 Justin Jefferson
68%
Patriots 9,924 Wes Welker
68%
Cowboys 11,904 Michael Irvin
67%
Broncos 10,060 Shannon Sharpe
67%
Eagles 11,263 DeSean Jackson
65%
Rams 10,372 Harold Jackson
63%
Vikings/Bills 11, 504 Stefon Diggs
63%
Chargers 9,080 Vincent Jackson
63%
Steelers 12,083 Hines Ward
62%
Falcons 10,863 Roddy White
62%
Broncos/Bears 12,351 Brandon Marshall
60%
Cowboys 13,046 Jason Witten
60%
Cardinals 13,779 Anquan Boldin
57%
Packers 10,137 Donald Driver
57%
Redskins 12,721 Art Monk
51%
Eagles 8,985 Harold Carmichael
49%
Saints 8,545 Jimmy Graham
49%
Saints 9,759 Marques Colston
46%
Panthers 11,438 Muhsin Muhammad
46%
Packers 14,004 James Lofton
44%
Seahawks 8,885 Tyler Lockett
44%
Raiders/Cowboys 10,033 Amari Cooper
43%
Panthers 8,683 Greg Olsen
43%
Ravens 8,974 Mark Clayton
43%
Vikings 8,497 Adam Thielen
41%
Saints/Texans 9,811 Brandin Cooks
41%
Cardinals 9,368 Rob Moore
41%
Broncos 9,245 Emmanuel Sanders
40%
Lions 9,174 Herman Moore
40%
Colts 9,812 T.Y. Hilton
38%
Chargers 10,266 Lance Alworth
37%
Jets 11,834 Don Maynard
35%
Redskins 9,110 Charley Taylor
33%
Raiders 8,685 Cliff Branch
33%
Redskins 10,856 Gary Clark
33%
Dolphins 8,869 Mark Duper
33%
Steelers/Giants 8,499 Plaxico Burress
32%
Giants 9,497 Amani Toomer
30%
Titans 12,061 Derrick Mason
30%
Jaguars 11,373 Keenan McCardell
30%
Chargers 12,146 Charlie Joiner
29%
Bills 9,995 Eric Moulds
29%
Raiders 8,974 Fred Biletnikoff
29%
Steelers 8,723 John Stallworth
29%
Cleveland/Dolphins 8,565 Paul Warfield
29%
Rams 13,777 Henry Ellard
27%
Chargers 9,148 Anthony Miller
25%
Patriots 12,785 Irving Fryar
25%
Falcons 10,205 Andre Rison
24%
Seahawks/Bucs 10,950 Joey Galloway
24%
Bengals 9,275 Raymond Berry
24%
Eagles 8,592 Zach Ertz
22%
Patriots 10,716 Stanley Morgan
21%
Chargers/Dolphins 9,065 Tony Martin
14%
Chargers 8,966 Wes Chandler
14%
Saints 8,744 Joe Horn
13%
Jets 8,609 Laveranues Coles
13%
Falcons 8,809 Terance Mathis
13%
Patriots/Cowboys 8,823 Terry Glenn
13%
Buccaneers 8,763 Mark Carrier
11%
Lions 8,719 Johnnie Morton
10%
Eagles 8,410 Tommy McDonald
8%
Cardinals 8,878 Ricky Proehl
6%
Packers 8,459 Billy Howton
3%
No matching quizzes found
Score Distribution
Percent of People with Each Score
Percentile by Number Answered
Your Score History
You have not taken this quiz since the last reset